100 Most Popular Boys Names in Puerto Rico in 2016 - Statistics

General Stats
  • This quiz has been taken 146 times
  • The average score is 24 of 100
Answer Stats
NAME % Correct
Jose
90%
Juan
89%
Carlos
69%
Andres
56%
David
56%
Daniel
55%
Miguel
55%
Jorge
53%
Alex
50%
John
49%
Pablo
49%
Luis
46%
William
46%
Ricardo
45%
Alejandro
44%
Diego
44%
Michael
44%
Lucas
42%
Mateo
41%
Matteo
41%
Jesus
40%
Victor
39%
Christian
37%
Eduardo
36%
Alexander
35%
Gabriel
35%
Samuel
35%
Jacob
34%
Jaycob
34%
Joseph
34%
Noah
33%
Ian
31%
Liam
31%
Matthew
31%
Angel
29%
Anthony
29%
Marcos
27%
Julian
26%
Leonardo
26%
Aaron
25%
Esteban
25%
Kevin
25%
Bryan
24%
Eithan
23%
Ethan
23%
Adrian
22%
Alan
22%
Isaac
22%
Nathan
22%
Nicolas
22%
Ryan
22%
Hector
21%
Evan
20%
Aiden
19%
Ayden
19%
Eiden
19%
Owen
19%
Rafael
19%
Sebastian
19%
Elias
18%
Caleb
15%
Damian
15%
Kaleb
15%
Alexis
14%
Jeremy
14%
Dylan
13%
Jayden
13%
Jeyden
13%
Rodrigo
13%
Fabian
9%
Ignacio
9%
Dereck
6%
Derek
6%
Edwin
6%
Elian
6%
Ezequiel
6%
Gian
6%
Gustavo
6%
Jean
6%
Matias
6%
Thiago
6%
Kenneth
5%
Abdiel
2%
Axel
2%
Dariel
2%
Gael
2%
Isaias
2%
Kayden
2%
Keyden
2%
Mauricio
2%
Milan
2%
Kendriel
1%
Keniel
1%
Mauro
1%
Yahir
1%
Zahir
1%
Eliam
0%
Jeriel
0%
Jonael
0%
Kendrick
0%
No matching quizzes found
Score Distribution
Percent of People with Each Score
Percentile by Number Answered
Your Score History
You have not taken this quiz